00326pab a2200121 454500008004000000100002100040245006500061260000900126300001500135362001200150650002400162773001800186180718b2015 xxu||||| |||| 00| 0 eng d aKaushik, Archana aEnsuring child rights: a prerequisite to egalitarian society c2015 ap.319-336. aOct-Dec aRights of the child aSocial Action